000 00546cam a2200193 a 4500
001 E152362
008 110228s2011 xxk f 000 0 eng d
022 1 _a0260-6216
035 _a(Sirsi) u152362
041 0 _aeng
050 0 4 _a692.5 $2 18
110 2 _aBuilding Cost Information Service
_91096
245 0 0 _aBCIS quarterly review of building prices
_bissue 120 - 123 (Jan - Oct 2011)
260 _aLondon
_bBCIS
_c2011
300 _a40p.
_c30cm.
651 4 _aUnited Kingdom
_y
690 _aBUILT ENVIRONMENT-BUILDING COSTS
942 _n0
999 _c112019
_d112019